[Event "IND-ch Rapid"]
[Site "Nashik"]
[Date "2024.03.06"]
[Round "9"]
[White "Shahil, Dey"]
[Black "Pimpalkhare, Vedant"]
[Result "1/2-1/2"]
[WhiteElo "2235"]
[BlackElo "2101"]
[PlyCount "104"]
[EventDate "2024.03.04"]
[EventType "swiss (rapid)"]
[EventRounds "11"]
[EventCountry "IND"]
[SourceTitle "CB11_2024"]
[SourceDate "2024.03.13"]
[SourceVersion "1"]
[SourceVersionDate "2024.03.13"]
[SourceQuality "1"]

1. g3 d5 2. Bg2 e6 3. Nf3 Nf6 4. 0-0 Be7 5. c4 0-0 6. b3 a5 7. d4 a4 8. Ba3 axb3 9. axb3 Bxa3 10. Nxa3 Qe7 11. Nc2 Rxa1 12. Qxa1 dxc4 13. bxc4 c5 14. Qa3 Na6 15. e3 Qc7 16. Qb3 Rd8 17. Rb1 Ne4 18. Na3 h6 19. Qc2 Nd6 20. Nb5 Qb8 21. dxc5 Nxc5 22. Rd1 b6 23. Qd2 Ncb7 24. Qb4 Nxb5 25. Rxd8+ Nxd8 26. Qxb5 Qd6 27. Ne5 Kf8 28. Bf3 Nb7 29. Bc6 Qc5 30. Bxb7 Qxb5 31. cxb5 Bxb7 32. Nd7+ Ke7 33. Nxb6 Kd6 34. Na4 Bd5 35. Nc3 Bc4 36. h4 Kc5 37. Ne4+ Kd5 38. b6 Ba6 39. f3 f5 40. Nc3+ Kc6 41. e4 Kxb6 42. exf5 exf5 43. Nd5+ Kc5 44. Ne7 Bd3 45. Kf2 Kd6 46. Ng6 Bb1 47. Ke3 Ke6 48. Kf4 Kf6 49. h5 Ba2 50. Ne5 Be6 51. g4 fxg4 52. fxg4 Bf7 1/2-1/2

[Event "Bad Woerishofen op 38th"]
[Site "Bad Woerishofen"]
[Date "2023.03.08"]
[Round "6"]
[White "Guttenthaler, Franz"]
[Black "Pimpalkhare, Vedant"]
[Result "1/2-1/2"]
[WhiteElo "2303"]
[BlackElo "2263"]
[PlyCount "58"]
[EventDate "2023.03.03"]
[EventType "swiss"]
[EventRounds "9"]
[EventCountry "GER"]
[SourceTitle "CBM 213 Extra"]
[Source "ChessBase"]
[SourceDate "2023.05.31"]
[SourceVersion "1"]
[SourceVersionDate "2023.05.31"]
[SourceQuality "1"]

1. e4 e6 2. d4 d5 3. Nc3 Nf6 4. e5 Nfd7 5. f4 c5 6. Nf3 Nc6 7. Be3 cxd4 8. Nxd4 Qb6 9. a3 Bc5 10. Na4 Qa5+ 11. c3 Bxd4 12. Bxd4 Nxd4 13. Qxd4 b6 14. Qb4 Qxb4 15. axb4 Ke7 16. Bb5 f6 17. exf6+ gxf6 18. f5 Rb8 19. fxe6 Ne5 20. b3 Rg8 21. 0-0 Bxe6 22. Nb2 Rb7 23. Nd3 Rc7 24. Nf4 Bf7 25. Rfd1 Rd8 26. Rd4 Rxc3 27. Rxa7+ Kf8 28. Rb7 Rd6 29. Ba4 Rc1+ 1/2-1/2

[Event "Bad Woerishofen op 38th"]
[Site "Bad Woerishofen"]
[Date "2023.03.07"]
[Round "5"]
[White "Pimpalkhare, Vedant"]
[Black "Iniyan, Panneerseluam"]
[Result "1/2-1/2"]
[WhiteElo "2263"]
[BlackElo "2515"]
[PlyCount "95"]
[EventDate "2023.03.03"]
[EventType "swiss"]
[EventRounds "9"]
[EventCountry "GER"]
[SourceTitle "CBM 213 Extra"]
[Source "ChessBase"]
[SourceDate "2023.05.31"]
[SourceVersion "1"]
[SourceVersionDate "2023.05.31"]
[SourceQuality "1"]

1. d4 Nf6 2. Nf3 g6 3. Nbd2 Bg7 4. e4 d6 5. Bb5+ c6 6. Bd3 0-0 7. 0-0 Qc7 8. Re1 e5 9. c3 Nbd7 10. a4 Rb8 11. b3 b5 12. dxe5 Ng4 13. Qc2 Ndxe5 14. h3 Nxd3 15. Qxd3 Nf6 16. axb5 Rxb5 17. Nd4 Rb8 18. Ra3 Re8 19. N2f3 d5 20. e5 Ne4 21. Be3 a6 22. b4 c5 23. bxc5 Nxc5 24. Qc2 Ne4 25. Rc1 Bb7 26. Qa2 Nc5 27. c4 Qd7 28. cxd5 Bxd5 29. Qe2 Rec8 30. Rac3 Bf8 31. e6 Nxe6 32. Ne5 Nxd4 33. Bxd4 Qe6 34. Rxc8 Rxc8 35. Rxc8 Qxc8 36. Qe3 Be6 37. Nf3 Qb8 38. Bc3 Bg7 39. Bxg7 Kxg7 40. Qd4+ f6 41. Ng5 Bf5 42. g4 h6 43. gxf5 hxg5 44. Qd7+ Kh6 45. Qf7 Qb1+ 46. Kh2 Qb8+ 47. Kg1 Qb1+ 48. Kh2 1/2-1/2

[Event "Bad Woerishofen op 38th"]
[Site "Bad Woerishofen"]
[Date "2023.03.05"]
[Round "3"]
[White "Pimpalkhare, Vedant"]
[Black "Phatak, Aanjaneya"]
[Result "1-0"]
[WhiteElo "2263"]
[BlackElo "1981"]
[PlyCount "73"]
[EventDate "2023.03.03"]
[EventType "swiss"]
[EventRounds "9"]
[EventCountry "GER"]
[SourceTitle "CBM 213 Extra"]
[Source "ChessBase"]
[SourceDate "2023.05.31"]
[SourceVersion "1"]
[SourceVersionDate "2023.05.31"]
[SourceQuality "1"]

1. Nf3 d5 2. e3 Nf6 3. c4 e6 4. Nc3 c6 5. b3 Nbd7 6. Bb2 e5 7. cxd5 cxd5 8. Rc1 a6 9. d4 e4 10. Nd2 Bd6 11. f3 exf3 12. Qxf3 Nb6 13. Bd3 Bg4 14. Qf2 Bh5 15. Qh4 Qe7 16. e4 g5 17. Qh3 Bf4 18. 0-0 Bxd2 19. e5 g4 20. Qh4 Ne4 21. Qxh5 Bxc1 22. Bxc1 0-0-0 23. Bxe4 dxe4 24. Nxe4 Qb4 25. Nd6+ Kb8 26. Qxg4 Rhg8 27. Qe4 Nc8 28. Nc4 Rg7 29. e6 Ka8 30. Ba3 f5 31. Qe5 Rxg2+ 32. Kxg2 Rg8+ 33. Kh1 Qc3 34. Qxf5 Qxd4 35. Bc5 Qd8 36. e7 Qe8 37. Qxc8+ 1-0

[Event "Badalona op 46th"]
[Site "Badalona"]
[Date "2022.08.09"]
[Round "8"]
[White "Pimpalkhare, Vedant"]
[Black "Vedant, Nitin Vekhande"]
[Result "1-0"]
[WhiteElo "2141"]
[BlackElo "2026"]
[PlyCount "127"]
[EventDate "2022.08.02"]
[EventType "swiss"]
[EventRounds "9"]
[EventCountry "ESP"]
[SourceTitle "CBM 209 Extra"]
[Source "ChessBase"]
[SourceDate "2022.09.30"]
[SourceVersion "1"]
[SourceVersionDate "2022.09.30"]
[SourceQuality "1"]

1. Nf3 Nf6 2. c4 g6 3. b3 Bg7 4. Bb2 0-0 5. e3 d6 6. Be2 Nbd7 7. 0-0 e5 8. d3 Re8 9. Nc3 Nf8 10. Qc2 c6 11. Rfd1 h5 12. Ne4 b6 13. Rac1 Bf5 14. Ng3 Bd7 15. b4 Qc7 16. d4 c5 17. bxc5 bxc5 18. dxe5 dxe5 19. Ng5 Rab8 20. Bc3 Red8 21. Bf3 h4 22. N3e4 Bf5 23. Nxf6+ Bxf6 24. Ne4 Bg7 25. Qa4 Qe7 26. Ba5 Rxd1+ 27. Rxd1 Bxe4 28. Bxe4 f5 29. Bd5+ Kh7 30. h3 e4 31. Qc6 Be5 32. f4 exf3 33. Bxf3 Bg3 34. e4 fxe4 35. Bxe4 Rb2 36. Bc3 Re2 37. Bxg6+ Kh6 38. Bd3+ Re6 39. Qf3 Ng6 40. Rf1 Nf4 41. Bd2 Rf6 42. Qg4 Qd6 43. Bxf4+ Rxf4 44. Rxf4 Bxf4 45. Qxh4+ Kg7 46. Qh7+ Kf8 47. Qf5+ Kg7 48. Qh7+ Kf8 49. Qe4 Be5 50. Qa8+ Kg7 51. Qxa7+ Kf6 52. Qh7 Qd4+ 53. Kf1 Qa1+ 54. Bb1 Bd4 55. Ke2 Qc3 56. Qd3 Qc1 57. Kf3 Qg1 58. Qg6+ Ke7 59. Qe4+ Kf6 60. Kg4 Kg7 61. Qe7+ Kg8 62. Qg5+ Kh8 63. Be4 Qd1+ 64. Kf5 1-0

[Event "Badalona op 46th"]
[Site "Badalona"]
[Date "2022.08.04"]
[Round "3"]
[White "Aronyak, Ghosh"]
[Black "Pimpalkhare, Vedant"]
[Result "1-0"]
[WhiteElo "2512"]
[BlackElo "2141"]
[PlyCount "83"]
[EventDate "2022.08.02"]
[EventType "swiss"]
[EventRounds "9"]
[EventCountry "ESP"]
[SourceTitle "CBM 209 Extra"]
[Source "ChessBase"]
[SourceDate "2022.09.30"]
[SourceVersion "1"]
[SourceVersionDate "2022.09.30"]
[SourceQuality "1"]

1. c4 e6 2. Nf3 Nf6 3. Nc3 d5 4. e3 c5 5. cxd5 Nxd5 6. Qc2 Nc6 7. b3 Be7 8. Bb2 0-0 9. a3 Bf6 10. Bb5 Ne5 11. Be2 Nxc3 12. Bxc3 Qd6 13. Rc1 Bd7 14. Bxe5 Bxe5 15. Nxe5 Qxe5 16. Bf3 Rab8 17. Qxc5 Qb2 18. 0-0 Rfc8 19. Rb1 Qxd2 20. Qxa7 Qd6 21. Rfd1 Qc7 22. Qd4 Bc6 23. Bxc6 Qxc6 24. Qb4 h6 25. a4 Rc7 26. h3 Rbc8 27. Rd4 Qc2 28. Rbd1 Kh7 29. R4d2 Qf5 30. Qb6 Qe4 31. Rd4 Qc2 32. a5 Qe2 33. R1d2 Qe1+ 34. Kh2 Qb1 35. Qb5 Qc1 36. b4 Qe1 37. Qd3+ g6 38. Qe4 Qa1 39. Qf4 Re7 40. Rd7 Rce8 41. Qc7 Qf6 42. Qxb7 1-0

[Event "Sitges op 46th"]
[Site "Sitges"]
[Date "2022.07.25"]
[Round "4"]
[White "Cruz Estrada, Filemon"]
[Black "Pimpalkhare, Vedant"]
[Result "1/2-1/2"]
[WhiteElo "2323"]
[BlackElo "2057"]
[PlyCount "66"]
[EventDate "2022.07.22"]
[EventType "swiss"]
[EventRounds "9"]
[EventCountry "ESP"]
[SourceTitle "CBM 209 Extra"]
[Source "ChessBase"]
[SourceDate "2022.09.30"]
[SourceVersion "1"]
[SourceVersionDate "2022.09.30"]
[SourceQuality "1"]

1. c4 e6 2. e3 Nf6 3. b3 c5 4. Bb2 Be7 5. Nf3 b6 6. Be2 Bb7 7. 0-0 0-0 8. Nc3 d5 9. cxd5 Nxd5 10. d4 Nxc3 11. Bxc3 Nc6 12. Qc2 cxd4 13. Nxd4 Nxd4 14. Bxd4 Bf6 15. Rfd1 Bxd4 16. Rxd4 Qe7 17. Rad1 Rfd8 18. Qd2 Rxd4 19. Qxd4 Qg5 20. Bf1 g6 21. Qd7 Bd5 22. Qc7 Kf8 23. Rc1 Kg8 24. Rd1 Kf8 25. Rd4 Qe7 26. Qc3 Kg8 27. e4 Bb7 28. Qd3 Bc6 29. Qc3 Rc8 30. Rc4 Qb7 31. b4 Bd7 32. Rxc8+ Bxc8 33. f3 Qd7 1/2-1/2

[Event "Barbera del Valles op 44th"]
[Site "Barbera del Valles"]
[Date "2022.07.10"]
[Round "7"]
[White "Pimpalkhare, Vedant"]
[Black "Cuartas, Jaime Alexander"]
[Result "0-1"]
[WhiteElo "2057"]
[BlackElo "2513"]
[PlyCount "128"]
[EventDate "2022.07.04"]
[EventType "swiss"]
[EventRounds "9"]
[EventCountry "ESP"]
[SourceTitle "EXT 2023"]
[Source "ChessBase"]
[SourceDate "2022.10.05"]
[SourceVersion "1"]
[SourceVersionDate "2022.10.05"]
[SourceQuality "1"]

1. Nf3 c5 2. e3 Nc6 3. c4 Nf6 4. Nc3 g6 5. Be2 Bg7 6. 0-0 0-0 7. d4 cxd4 8. Nxd4 d6 9. b3 d5 10. Nxc6 bxc6 11. Bb2 Ne4 12. Qc1 Nxc3 13. Bxc3 e6 14. Rd1 Bb7 15. Qb2 Bxc3 16. Qxc3 Qe7 17. Bf3 Rfd8 18. Rd2 a5 19. h3 f5 20. Qe5 Qg7 21. Qxg7+ Kxg7 22. Rc1 Rac8 23. Rdc2 d4 24. exd4 Rxd4 25. Re1 Kf6 26. Rce2 Re8 27. Re5 a4 28. Ra5 axb3 29. axb3 e5 30. Ra7 Re7 31. Kf1 e4 32. Be2 c5 33. b4 cxb4 34. Rb1 f4 35. Rxb4 Rdd7 36. Ra3 Rc7 37. Rc3 Rc5 38. Rb5 Rec7 39. Rxc5 Rxc5 40. Rb3 Bc8 41. Ke1 Ra5 42. Rb6+ Ke5 43. Rb5+ Rxb5 44. cxb5 Kd4 45. h4 h6 46. Kd2 Bb7 47. Ke1 Bd5 48. Bf1 Be6 49. Kd2 Bd7 50. Be2 Bc8 51. Bf1 Bg4 52. Ke1 Bc8 53. Be2 Kc3 54. Bf1 Bb7 55. Be2 Kd4 56. Bf1 e3 57. fxe3+ Kxe3 58. b6 g5 59. hxg5 hxg5 60. Bb5 Bxg2 61. Ba6 f3 62. Kd1 f2 63. Bf1 Bf3+ 64. Kc2 g4 0-1

[Event "Barbera del Valles op 44th"]
[Site "Barbera del Valles"]
[Date "2022.07.08"]
[Round "5"]
[White "Pimpalkhare, Vedant"]
[Black "Nagare, Akhilesh"]
[Result "1-0"]
[WhiteElo "2057"]
[BlackElo "1856"]
[PlyCount "77"]
[EventDate "2022.07.04"]
[EventType "swiss"]
[EventRounds "9"]
[EventCountry "ESP"]
[SourceTitle "EXT 2023"]
[Source "ChessBase"]
[SourceDate "2022.10.05"]
[SourceVersion "1"]
[SourceVersionDate "2022.10.05"]
[SourceQuality "1"]

1. Nf3 e6 2. g3 f5 3. Bg2 Nf6 4. c4 d5 5. cxd5 exd5 6. 0-0 Be7 7. d4 0-0 8. Qb3 c6 9. Bf4 Bd6 10. e3 Bxf4 11. exf4 a5 12. Nc3 b5 13. Ne5 Be6 14. Rac1 Qd6 15. Rfe1 Ra6 16. Re2 Bf7 17. f3 Ra7 18. Nd1 Be8 19. Rec2 g6 20. Bf1 Nh5 21. Nf2 Ng7 22. Qe3 Qf6 23. Re1 Qd8 24. Nfd3 Rf6 25. Nc5 Kf8 26. Qc3 Qb6 27. Rce2 Na6 28. Ned3 Nb8 29. g4 fxg4 30. fxg4 Qd8 31. g5 Rd6 32. Bh3 Bf7 33. Ne5 Bg8 34. Qg3 Na6 35. Qh4 Nc7 36. Qh6 Nce8 37. Bg4 Rc7 38. Ncd7+ Rcxd7 39. Nxd7+ 1-0

[Event "IND-ch Blitz"]
[Site "Nashik"]
[Date "2022.04.30"]
[Round "4"]
[White "Pimpalkhare, Vedant"]
[Black "Nitin, Senthilvel"]
[Result "0-1"]
[WhiteElo "2073"]
[BlackElo "2396"]
[PlyCount "80"]
[EventDate "2022.04.30"]
[EventType "swiss (blitz)"]
[EventRounds "11"]
[EventCountry "IND"]
[SourceTitle "CBM 208 Extra"]
[Source "ChessBase"]
[SourceDate "2022.07.31"]
[SourceVersion "1"]
[SourceVersionDate "2022.07.31"]
[SourceQuality "1"]

1. d4 Nf6 2. Nf3 g6 3. Nbd2 Bg7 4. e4 d6 5. Bd3 0-0 6. 0-0 Nc6 7. c3 e5 8. dxe5 dxe5 9. Nc4 Qe7 10. Bg5 h6 11. Bxf6 Qxf6 12. Ne3 Ne7 13. Qe2 c6 14. a4 Qd6 15. Rfd1 Qc7 16. Bc4 Kh7 17. Qc2 a5 18. Rd2 Kh8 19. Rad1 Ng8 20. Rd6 Rb8 21. h4 Nf6 22. Nxe5 Ne8 23. Nxg6+ fxg6 24. Rxg6 Qf4 25. g3 Qe5 26. f4 Qc5 27. Qf2 Nf6 28. Bd3 Qh5 29. e5 Ng4 30. Nxg4 Bxg4 31. Re1 Rbd8 32. Bb1 Bf5 33. Bxf5 Qxf5 34. Rd6 Rxd6 35. exd6 Rd8 36. Rd1 Qg4 37. Rd3 Qe6 38. Qc5 Qe1+ 39. Kg2 Qe2+ 40. Kh3 Qxd3 0-1

[Event "Gujarat op 2nd"]
[Site "Ahmedabad"]
[Date "2019.09.25"]
[Round "6"]
[White "Neelash, Saha"]
[Black "Pimpalkhare, Vedant"]
[Result "1-0"]
[WhiteElo "2334"]
[BlackElo "2104"]
[PlyCount "103"]
[EventDate "2019.09.22"]
[EventType "swiss"]
[EventRounds "10"]
[EventCountry "IND"]
[SourceTitle "EXT 2020"]
[Source "ChessBase"]
[SourceDate "2019.10.17"]
[SourceVersion "1"]
[SourceVersionDate "2019.10.17"]
[SourceQuality "1"]

1. Nf3 Nf6 2. e3 b6 3. c4 Bb7 4. Nc3 e6 5. Be2 c5 6. b3 Nc6 7. 0-0 Be7 8. d4 cxd4 9. Nxd4 0-0 10. Bf3 a6 11. Bb2 Qc7 12. Rc1 Ne5 13. Bxb7 Qxb7 14. Qe2 d6 15. Rfd1 Rfd8 16. e4 Ng6 17. Qf3 Rac8 18. Re1 Rd7 19. Rcd1 Rcd8 20. h3 Ne5 21. Qe2 Ng6 22. Nf3 Nh5 23. g3 Nf6 24. h4 h5 25. Ng5 Ng4 26. Nh3 Bf6 27. f3 N4e5 28. Nf2 b5 29. f4 Nc6 30. cxb5 axb5 31. Rd2 b4 32. Na4 Bxb2 33. Rxb2 Ra8 34. Qxh5 Ra5 35. Qg4 Nge7 36. Rd2 d5 37. Red1 d4 38. Nd3 Rd8 39. Rc1 f5 40. Qe2 e5 41. Nac5 Qa7 42. exf5 Nxf5 43. Qe4 Nce7 44. g4 Nxh4 45. Rh2 Nhg6 46. f5 Nf8 47. Nb7 Qa8 48. Qh1 Ra7 49. Rh8+ Kf7 50. Nxd8+ Qxd8 51. Nxe5+ Kf6 52. Re1 1-0

[Event "Hyderabad op 3rd"]
[Site "Hyderabad"]
[Date "2019.08.27"]
[Round "10"]
[White "Pimpalkhare, Vedant"]
[Black "Smirnov, Pavel"]
[Result "0-1"]
[WhiteElo "2123"]
[BlackElo "2574"]
[PlyCount "64"]
[EventDate "2019.08.20"]
[EventType "swiss"]
[EventRounds "10"]
[EventCountry "IND"]
[SourceTitle "EXT 2020"]
[Source "ChessBase"]
[SourceDate "2019.10.17"]
[SourceVersion "1"]
[SourceVersionDate "2019.10.17"]
[SourceQuality "1"]

1. d4 Nf6 2. Nf3 e6 3. g3 d5 4. Bg2 Be7 5. 0-0 0-0 6. c4 c6 7. Qc2 b6 8. Nbd2 Bb7 9. b3 Nbd7 10. Bb2 Rc8 11. Rac1 c5 12. Qb1 dxc4 13. Nxc4 b5 14. Ne3 Qb6 15. Rfd1 Rfd8 16. Qa1 Be4 17. Ne1 Bxg2 18. N1xg2 Qb7 19. Nf4 cxd4 20. Bxd4 h5 21. h4 Nc5 22. Bxc5 Rxd1+ 23. Rxd1 Bxc5 24. Qe5 Qb6 25. Rc1 Rc7 26. Nd3 Bd6 27. Qg5 Rxc1+ 28. Nxc1 Ne4 29. Qxh5 Bxg3 30. Kg2 Bxf2 31. Ng4 Qc7 32. Ne5 g6 0-1

[Event "Paracin Summer op-A 12th"]
[Site "Paracin"]
[Date "2019.07.05"]
[Round "1"]
[White "Pimpalkhare, Vedant"]
[Black "Gadimbayli, Abdulla Azar"]
[Result "1-0"]
[WhiteElo "2150"]
[BlackElo "2414"]
[PlyCount "155"]
[EventDate "2019.07.05"]
[EventType "swiss"]
[EventRounds "9"]
[EventCountry "SRB"]
[SourceTitle "CBM 191 Extra"]
[Source "ChessBase"]
[SourceDate "2019.09.30"]
[SourceVersion "1"]
[SourceVersionDate "2019.09.30"]
[SourceQuality "1"]

1. Nf3 Nf6 2. c4 Nc6 3. Nc3 e6 4. a3 g6 5. e3 Bg7 6. Be2 0-0 7. 0-0 d5 8. d4 dxc4 9. Bxc4 b6 10. b4 Bb7 11. Bb2 Qe7 12. Qe2 Rad8 13. Rac1 Ba8 14. Rfd1 Nh5 15. d5 Ne5 16. Nxe5 Bxe5 17. dxe6 fxe6 18. Qg4 Kh8 19. Qxe6 Qg7 20. Qxe5 Qxe5 21. Na4 Qxb2 22. Nxb2 Nf6 23. Rxd8 Rxd8 24. Rd1 Re8 25. Na4 Ne4 26. Nb2 Nf6 27. Rd3 Kg7 28. f3 Bc6 29. Kf2 Bd7 30. Rc3 Re7 31. Nd3 g5 32. Bb3 Bf5 33. Ne1 Rd7 34. Ke2 Re7 35. Nc2 Bxc2 36. Rxc2 Ne8 37. g3 Nd6 38. Rd2 Kf6 39. Kf2 g4 40. Bd5 gxf3 41. Kxf3 Ke5 42. Bb3 c6 43. Rd4 Rd7 44. Rh4 Re7 45. Rh5+ Kf6 46. Rh6+ Ke5 47. Rh5+ Kf6 48. Bc2 Nf7 49. h4 h6 50. Kf4 Kg7 51. g4 Nd6 52. g5 hxg5+ 53. hxg5 Rf7+ 54. Ke5 Nc4+ 55. Ke6 Rf2 56. Rh7+ Kg8 57. Bg6 Nxe3 58. Rxa7 c5 59. bxc5 bxc5 60. Bh7+ Kh8 61. Be4 c4 62. Rc7 Rf8 63. g6 Kg8 64. a4 Re8+ 65. Kf6 Rf8+ 66. Ke6 Re8+ 67. Kf6 Rf8+ 68. Ke5 Rf1 69. a5 Ng4+ 70. Kd4 Rd1+ 71. Kc5 Nf6 72. Bc2 Rd2 73. Bb1 c3 74. a6 c2 75. Ba2+ Kf8 76. g7+ Ke8 77. Kb6 Nd7+ 78. Kb5 1-0

[Event "Nis op"]
[Site "Nis"]
[Date "2019.07.01"]
[Round "6"]
[White "Shahil, Dey"]
[Black "Pimpalkhare, Vedant"]
[Result "1/2-1/2"]
[WhiteElo "2058"]
[BlackElo "2067"]
[PlyCount "71"]
[EventDate "2019.06.25"]
[EventType "swiss"]
[EventRounds "9"]
[EventCountry "SRB"]
[SourceTitle "EXT 2020"]
[Source "ChessBase"]
[SourceDate "2019.10.17"]
[SourceVersion "1"]
[SourceVersionDate "2019.10.17"]
[SourceQuality "1"]

1. e4 e5 2. Nc3 Nf6 3. f4 exf4 4. d4 Bb4 5. Bd3 d5 6. e5 Ne4 7. Bxe4 Qh4+ 8. Kf1 dxe4 9. Nxe4 Bg4 10. Nf3 Bxf3 11. gxf3 Qh3+ 12. Kf2 Qh4+ 13. Kg2 Nd7 14. c3 Be7 15. Qb3 Nb6 16. a4 Rb8 17. a5 Nd7 18. Bd2 g5 19. e6 fxe6 20. Qxe6 Kd8 21. Qg4 Qxg4+ 22. fxg4 h5 23. h3 h4 24. Kf3 c5 25. Rad1 c4 26. Bc1 b5 27. axb6 axb6 28. Rhe1 Re8 29. Re2 Ra8 30. Rde1 Bf6 31. Nd6 Rxe2 32. Rxe2 Ra4 33. Re8+ Kc7 34. Re6 Kd8 35. Re8+ Kc7 36. Re6 1/2-1/2

[Event "Veliko Gradiste Silver Lake op"]
[Site "Veliko Gradiste"]
[Date "2019.06.17"]
[Round "2"]
[White "Rajkovic, Mladen"]
[Black "Pimpalkhare, Vedant"]
[Result "1/2-1/2"]
[WhiteElo "2360"]
[BlackElo "2067"]
[PlyCount "102"]
[EventDate "2019.06.16"]
[EventType "swiss"]
[EventRounds "9"]
[EventCountry "SRB"]
[SourceTitle "CBM 191 Extra"]
[Source "ChessBase"]
[SourceDate "2019.09.30"]
[SourceVersion "1"]
[SourceVersionDate "2019.09.30"]
[SourceQuality "1"]

1. e4 e6 2. d4 d5 3. Nd2 c5 4. Ngf3 Nc6 5. exd5 exd5 6. Bb5 Bd6 7. dxc5 Bxc5 8. 0-0 Nge7 9. Nb3 Bd6 10. Bg5 0-0 11. Bh4 Bg4 12. Re1 Rc8 13. c3 Ne5 14. Bxe7 Qxe7 15. Be2 Rfe8 16. Nfd4 Bxe2 17. Rxe2 Qh4 18. g3 Qh5 19. Kg2 Ng4 20. h3 Nf6 21. Rxe8+ Rxe8 22. Qxh5 Nxh5 23. Nf5 Bc7 24. Rd1 g6 25. Nfd4 Nf6 26. Kf3 Re7 27. Nc2 Bb6 28. Nbd4 Kf8 29. Ne3 h5 30. g4 hxg4+ 31. hxg4 Re5 32. Kg3 Bc7 33. Kg2 Bb6 34. Nf3 Re4 35. g5 Ng4 36. Nxd5 Bxf2 37. Rd2 Bc5 38. b4 Ne3+ 39. Nxe3 Bxe3 40. Rd8+ Kg7 41. Rd7 b5 42. Kf1 Bb6 43. Nd4 Re5 44. a3 Kg8 45. Nc6 Rxg5 46. Nxa7 Rf5+ 47. Kg2 Rf2+ 48. Kg3 Bxa7 49. Rxa7 Rc2 50. Rc7 Ra2 51. Ra7 Rc2 1/2-1/2

[Event "Pune All India op 3rd"]
[Site "Pune"]
[Date "2019.05.01"]
[Round "6"]
[White "Gusain, Himal"]
[Black "Pimpalkhare, Vedant"]
[Result "1-0"]
[WhiteElo "2392"]
[BlackElo "2075"]
[PlyCount "97"]
[EventDate "2019.04.29"]
[EventType "swiss"]
[EventRounds "8"]
[EventCountry "IND"]
[SourceTitle "CBM 190 Extra"]
[Source "ChessBase"]
[SourceDate "2019.07.15"]
[SourceVersion "1"]
[SourceVersionDate "2019.07.15"]
[SourceQuality "1"]

1. f4 Nf6 2. Nf3 g6 3. g3 Bg7 4. Bg2 c5 5. d3 d5 6. 0-0 0-0 7. Qe1 Nc6 8. e4 e6 9. Nc3 a6 10. Qf2 b6 11. h3 Bb7 12. Re1 Qc7 13. g4 Rad8 14. Kh1 Rfe8 15. e5 Nd7 16. g5 Ne7 17. Nh2 b5 18. Ng4 Nf5 19. Ne2 d4 20. Ng3 Nxg3+ 21. Qxg3 Bxg2+ 22. Kxg2 c4 23. Nf6+ Nxf6 24. gxf6 Bf8 25. Bd2 Rc8 26. Rac1 Red8 27. h4 h5 28. Kh3 Kh7 29. Qf3 Qc6 30. Kg3 Kg8 31. Re4 Rd7 32. Be1 Bc5 33. Bf2 Bb6 34. Rg1 cxd3 35. cxd3 Kf8 36. Kh3 Rdc7 37. Be1 Ke8 38. Bb4 Bc5 39. Rc1 Qb6 40. Bd2 Bf8 41. Rxc7 Rxc7 42. Qd1 Qc5 43. Ba5 Rc8 44. a3 Qd5 45. b4 Rc3 46. Qf3 Rxa3 47. Kg3 Rb3 48. Rxd4 Qxd4 49. Qc6+ 1-0

[Event "Goa op 1st"]
[Site "Taleigao"]
[Date "2018.10.13"]
[Round "1"]
[White "Malakhatko, Vadim"]
[Black "Pimpalkhare, Vedant"]
[Result "1-0"]
[WhiteElo "2552"]
[BlackElo "1968"]
[PlyCount "101"]
[EventDate "2018.10.13"]
[EventType "swiss"]
[EventRounds "10"]
[EventCountry "IND"]
[SourceTitle "CBM 186 Extra"]
[Source "ChessBase"]
[SourceDate "2018.08.24"]
[SourceVersion "1"]
[SourceVersionDate "2018.08.24"]
[SourceQuality "1"]

1. c4 e6 2. g3 Nf6 3. Bg2 d5 4. Nf3 Be7 5. 0-0 0-0 6. d4 dxc4 7. Ne5 Nc6 8. Nxc6 bxc6 9. Na3 Bxa3 10. bxa3 Ba6 11. Qd2 Qc8 12. Qa5 Rb8 13. a4 Rd8 14. Ba3 Rxd4 15. Bc5 Rd8 16. Rab1 Rb6 17. Rfd1 Nd5 18. Bxb6 cxb6 19. Qd2 Rd7 20. e4 Nf6 21. Qf4 Rd3 22. Bf1 Qd8 23. Bxd3 cxd3 24. Rb3 h6 25. Qe3 c5 26. Rbxd3 Bxd3 27. Qxd3 Qxd3 28. Rxd3 Nxe4 29. Rd8+ Kh7 30. Rd7 Nc3 31. Rxa7 Nxa2 32. Rxf7 Nc3 33. Ra7 Nd5 34. Kf1 Kg6 35. Ke2 c4 36. Kf3 Kf6 37. Ke4 g6 38. Kd4 c3 39. Kd3 h5 40. Ra8 Kf7 41. Rc8 Ke7 42. f4 Kf6 43. Ke4 Ke7 44. Kd3 Kf6 45. h3 Kf7 46. Rd8 Kf6 47. Rd7 g5 48. fxg5+ Kxg5 49. Rxd5+ exd5 50. Kxc3 Kf5 51. Kd4 1-0

[Event "Hyderabad op 2nd"]
[Site "Hyderabad"]
[Date "2018.09.20"]
[Round "3"]
[White "Pimpalkhare, Vedant"]
[Black "Sriram, Jha"]
[Result "1-0"]
[WhiteElo "1962"]
[BlackElo "2402"]
[PlyCount "61"]
[EventDate "2018.09.19"]
[EventType "swiss"]
[EventRounds "9"]
[EventCountry "IND"]
[SourceTitle "CBM 186 Extra"]
[Source "ChessBase"]
[SourceDate "2018.08.24"]
[SourceVersion "1"]
[SourceVersionDate "2018.08.24"]
[SourceQuality "1"]

1. Nf3 c5 2. g3 Nc6 3. Bg2 g6 4. c4 Bg7 5. 0-0 d6 6. Nc3 Bf5 7. d3 Qd7 8. Re1 Bh3 9. Bh1 h6 10. Rb1 Nf6 11. a3 0-0 12. b4 Ng4 13. Nd5 e5 14. Qa4 Rac8 15. Nd2 b6 16. f3 Nf6 17. Nxf6+ Bxf6 18. Ne4 Bg7 19. Nf2 Be6 20. Bg2 f5 21. f4 exf4 22. gxf4 Bc3 23. Bb2 Bxe1 24. Rxe1 Ne5 25. Qc2 Nc6 26. Qc3 Kh7 27. b5 Nb8 28. e4 Rce8 29. Re3 Qf7 30. Nh3 Rg8 31. Ng5+ 1-0

[Event "Maharashtra State-ch U25"]
[Site "Nasik"]
[Date "2018.08.13"]
[Round "9"]
[White "Tajane, Ganesh"]
[Black "Pimpalkhare, Vedant"]
[Result "1/2-1/2"]
[WhiteElo "1722"]
[BlackElo "1981"]
[PlyCount "46"]
[EventDate "2018.08.09"]
[EventType "swiss"]
[EventRounds "9"]
[EventCountry "IND"]
[SourceTitle "CBM 186 Extra"]
[Source "ChessBase"]
[SourceDate "2018.08.24"]
[SourceVersion "1"]
[SourceVersionDate "2018.08.24"]
[SourceQuality "1"]

1. e4 e6 2. Nc3 d5 3. Nf3 dxe4 4. Nxe4 Nd7 5. d4 Ngf6 6. Bg5 Be7 7. Nxf6+ Nxf6 8. Bd3 Qd6 9. Qe2 Nd5 10. Bxe7 Qxe7 11. Qd2 Bd7 12. 0-0-0 0-0 13. Rhe1 Rfb8 14. Qg5 Qf6 15. Qxf6 gxf6 16. Be4 Nb6 17. b3 h6 18. Nd2 Bc8 19. Rf1 e5 20. dxe5 fxe5 21. Nf3 Be6 22. Rfe1 Rd8 23. Rxd8+ Rxd8 1/2-1/2

[Event "Maharashtra State-ch U25"]
[Site "Nasik"]
[Date "2018.08.11"]
[Round "5"]
[White "Pimpalkhare, Vedant"]
[Black "Dere, Pushkar"]
[Result "1-0"]
[WhiteElo "1981"]
[BlackElo "1777"]
[PlyCount "73"]
[EventDate "2018.08.09"]
[EventType "swiss"]
[EventRounds "9"]
[EventCountry "IND"]
[SourceTitle "CBM 186 Extra"]
[Source "ChessBase"]
[SourceDate "2018.08.24"]
[SourceVersion "1"]
[SourceVersionDate "2018.08.24"]
[SourceQuality "1"]

1. b3 d5 2. Bb2 Nf6 3. Nf3 c5 4. e3 Bg4 5. Be2 Nc6 6. 0-0 e6 7. d3 Bd6 8. Nbd2 Rc8 9. c4 0-0 10. cxd5 Nxd5 11. Rc1 b6 12. Rc4 Bh5 13. Qa1 f6 14. Re1 Qe7 15. Rcc1 Rfd8 16. d4 Bxf3 17. Nxf3 cxd4 18. Nxd4 Nxd4 19. Bxd4 Ba3 20. Rxc8 Rxc8 21. Qb1 Qd6 22. Bc4 a6 23. Bxa6 Rb8 24. Bd3 h6 25. Rd1 Rc8 26. Bc4 Qc6 27. Qe4 b5 28. Bxb5 Qc2 29. Qxe6+ Kh8 30. Rf1 Nb4 31. Bc4 Rf8 32. Bc5 Ra8 33. Qf7 Rd8 34. Be7 Rb8 35. Bxf6 Qh7 36. Be7 Ra8 37. Bxb4 1-0